| 000 | 00799pam a2200277 i 4500 | ||
|---|---|---|---|
| 001 | 800588 | ||
| 003 | OSt | ||
| 005 | 20210817155028.0 | ||
| 008 | 750904s1976 njua b 001 0 eng | ||
| 010 | _a 75030545 | ||
| 020 | _c$17.95 | ||
| 038 | _akhadija | ||
| 040 |
_aDLC _cDLC _dDLC |
||
| 050 | 0 | 0 |
_aQA76.5 _b.M224 |
| 082 | 0 | 0 |
_a004.2 _bMAN |
| 100 | 1 |
_aMano, M. Morris, _d1927- _920186 |
|
| 245 | 1 | 0 |
_aComputer system architecture / _cM. Morris Mano. |
| 250 | _a3rd ed | ||
| 260 |
_aEnglewood Cliffs, N.J. : _bPrentice-Hall, _cc2009. |
||
| 300 |
_axiv, 478 p. : _bill. ; _c24 cm. |
||
| 504 | _aIncludes bibliographical references and index. | ||
| 563 | _apaper back | ||
| 650 | 0 |
_a computers Architectures _981576 |
|
| 906 |
_a7 _bcbc _corignew _d1 _eocip _f19 _gy-gencatlg |
||
| 942 |
_2ddc _cBK |
||
| 999 |
_c32610 _d32610 |
||